000 01459nam a22003493i 4500
001 EBC6246988
003 RU-10907106
005 20211006111928.0
007 cr cnu||||||||
008 210419s2020 xx o ||||0 ger d
020 _a9783835345027
_q(electronic bk.)
020 _z9783835337299
040 _cRU-10907106
_aRU-10907106
_bger
041 _ager
100 1 _aBerg, Urte von.
245 1 0 _aDorothy von Moltke :
_bEine Biographie.
264 1 _aGöttingen :
_bWallstein Verlag,
_c2020.
264 4 _c©2020.
300 _a1 online resource (249 pages)
336 _atext
_btxt
_2rdacontent
337 _acomputermedien
_bc
_2rdamedia
338 _aonline resource
_bcr
_2rdacarrier
500 _aE-Book-ProQuest / Fernzugriff nach Registrierung möglich
505 0 _aUmschlag -- Titel -- Impressum -- Inhalt -- Vorbemerkung -- Kaiserzeit -- Zeit des Umbruchs -- Jahre der Zuversicht -- Das Berghaus -- Von der Demokratie zur Diktatur -- Das Jahr 1934 -- Das Ende -- Ausblick -- Anmerkungen -- Literatur.
588 _aDescription based on publisher supplied metadata and other sources.
655 4 _aElectronic books.
655 _aFernzugriff
776 0 8 _iPrint version:
_aBerg, Urte von
_tDorothy von Moltke
_dGöttingen : Wallstein Verlag,c2020
_z9783835337299
856 4 0 _uhttps://ebookcentral.proquest.com/lib/maxweberstiftung-ebooks/detail.action?docID=6246988
_zVolltext
942 _cEB
_2z
999 _c56306
_d56306